Statistics for Countries that Codified Constitutions before 1900

Click here to take the quiz!

General Stats

  • This quiz has been taken 58 times
  • The average score is 6 of 9

Answer Stats

Year Country % Correct
1788United States
100%
1867Canada
76%
1831Belgium
73%
1815Netherlands
71%
1814Norway
69%
1849Denmark
67%
1867Luxembourg
58%
1853Argentina
55%
1875Tonga
5%

Score Distribution

Percentile by Number Answered

Percent of People with Each Score

Your Score History

You have not taken this quiz